Vruthamanjari (Record no. 35709)

MARC details
000 -LEADER
fixed length control field 00423nam a2200145Ia 4500
008 - FIXED-LENGTH DATA ELEMENTS--GENERAL INFORMATION
fixed length control field 211109s9999||||xx |||||||||||||| ||und||
082 ## - DEWEY DECIMAL CLASSIFICATION NUMBER
Classification number 494.8125
Item number RAJ-V
100 ## - MAIN ENTRY--PERSONAL NAME
Personal name Raja Raja Varma, A R
245 #0 - TITLE STATEMENT
Title Vruthamanjari
260 ## - PUBLICATION, DISTRIBUTION, ETC.
Name of publisher, distributor, etc. Pai & Co
Place of publication, distribution, etc. Ernakulam
Date of publication, distribution, etc. 1904
300 ## - PHYSICAL DESCRIPTION
Extent 95p.
630 ## - SUBJECT ADDED ENTRY--UNIFORM TITLE
General subdivision General Stack
650 ## - SUBJECT ADDED ENTRY--TOPICAL TERM
Topical term or geographic name entry element Malayalam language
942 ## - ADDED ENTRY ELEMENTS (KOHA)
Koha item type BOOK
650 ## - SUBJECT ADDED ENTRY--TOPICAL TERM
Form subdivision GrammarLanguageAltaic, Uralic, Hyperborean & Dravidian
General subdivision Generalia
Holdings
Withdrawn status Lost status Damaged status Not for loan Home library Current library Date acquired Cost, normal purchase price Total Checkouts Full call number Barcode Shelving location Date last seen Price effective from Koha item type
        SB LIBRARY SB LIBRARY 09/11/2021 100.00   494.8125 RAJ-V 00037054 GENERAL STACK 09/11/2021 09/11/2021 BOOK

Powered by Koha